Elements of democratic government (Record no. 478862)

000 -LEADER
fixed length control field 00398cam a22001457a 4500
008 - FIXED-LENGTH DATA ELEMENTS--GENERAL INFORMATION
fixed length control field 180718b1959 xxu||||| |||| 00| 0 eng d
082 ## - DEWEY DECIMAL CLASSIFICATION NUMBER
Classification number B5x73 C817/59
100 ## - MAIN ENTRY--PERSONAL NAME
Personal name Corry, J.A.
245 ## - TITLE STATEMENT
Title Elements of democratic government
Statement of responsibility, etc. by J.A. Corry and Henry J. Abraham
250 ## - EDITION STATEMENT
Edition statement 3rd ed.
260 ## - PUBLICATION, DISTRIBUTION, ETC.
Place of publication, distribution, etc. N.Y.
Name of publisher, distributor, etc. OUP
Date of publication, distribution, etc. 1959
300 ## - PHYSICAL DESCRIPTION
Extent 734p.
650 ## - SUBJECT ADDED ENTRY--TOPICAL TERM
Topical term or geographic name entry element USA - Government
700 ## - ADDED ENTRY--PERSONAL NAME
Personal name Abraham, Henry J.
Holdings
Withdrawn status Lost status Damaged status Not for loan Permanent Location Current Location Date acquired Full call number Barcode Date last seen Price effective from Koha item type
        Indian Institute of Public Administration Indian Institute of Public Administration 2018-08-04 B5x73 C817/59 GR1276 2018-08-04 2018-08-04 GR

Powered by Koha